| 000 | 01178cam a2200277 i 4500 | ||
|---|---|---|---|
| 003 | SA-RiAUC | ||
| 005 | 20250803070757.0 | ||
| 008 | 250722s1993 su a g 00010dara c | ||
| 040 |
_aKAPL _bara _cSA-RiAUC _erda |
||
| 043 | _aa-su--- | ||
| 072 | 7 | _a041 | |
| 082 | 0 | 4 |
_a370.9531 _qSA-RiAUC |
| 090 |
_a370.9531 _b ا ب و ر |
||
| 100 | 1 |
_aأبو راس، عبد الله بن سعيد أحمد، _d1356 هجري- _eمؤلف. |
|
| 245 | 1 | 2 |
_aالملك عبد العزيز والتعليم / _cتأليف عبد الله سعيد أبو راس، بدر الدين الديب. |
| 250 | _aالطبعة الثانية. | ||
| 264 | 1 |
_aجدة، السعودية : _bدار عكاظ للطباعة والنشر، _c1993 |
|
| 300 |
_a458 صفحة : _bجداول ؛ _c24 سم |
||
| 336 |
_aنص _btxt _2rdacontent _3كتاب |
||
| 337 |
_aبدون وسيط _bn _2rdamedia |
||
| 338 |
_aمجلد _bnc _2rdacarrier |
||
| 650 | 7 |
_aالتعليم _zالسعودية _xتاريخ _yعبد العزيز بن عبد الرحمن، 1319-1373 هجري. _2aucsh |
|
| 700 | 1 |
_aالديب، بدر الدين _eمؤلف. |
|
| 942 |
_2ddc _cBOOK _n0 |
||
| 949 |
_aSA-JeALM _d250722 _umohamedma123 _n1 |
||
| 999 |
_c10489 _d10489 |
||